[Event "Novokuznetsk-ch"]
[Site "Novokuznetsk"]
[Date "2012.12.02"]
[Round "5"]
[White "Akishina, Tatyana"]
[Black "Oschepkov, Dmitri"]
[Result "1-0"]
[WhiteElo "1975"]
[BlackElo "2058"]
[PlyCount "39"]
[EventDate "2012.11.18"]
[EventType "swiss"]
[EventRounds "9"]
[EventCountry "RUS"]
[SourceTitle "EXT 2014"]
[Source "ChessBase"]
[SourceDate "2013.11.20"]
[SourceVersion "1"]
[SourceVersionDate "2013.11.20"]
[SourceQuality "1"]

1. c4 e6 2. d4 b6 3. e4 Bb7 4. Bd3 f5 5. exf5 Bxg2 6. Qh5+ g6 7. fxg6 Nf6 8. g7+ Nxh5 9. gxh8Q Qh4 10. Qxh7 Qxd4 11. Qxh5+ Kd8 12. Qg5+ Kc8 13. Qxg2 Qxd3 14. Ne2 Nc6 15. Nbc3 d5 16. cxd5 Ne5 17. 0-0 Nf3+ 18. Kh1 e5 19. Be3 Qf5 20. Ng3 1-0

[Event "Novokuznetsk-ch (Women)"]
[Site "Novokuznetsk"]
[Date "2010.09.04"]
[Round "3"]
[White "Akishina, Tatyana"]
[Black "Prilepina, Tatyana"]
[Result "1-0"]
[WhiteElo "1971"]
[BlackElo "1782"]
[PlyCount "77"]
[EventDate "2010.08.28"]
[EventType "swiss"]
[EventRounds "7"]
[EventCountry "RUS"]
[SourceTitle "EXT 2022"]
[Source "ChessBase"]
[SourceDate "2021.10.06"]
[SourceVersion "1"]
[SourceVersionDate "2021.10.06"]
[SourceQuality "1"]

1. c4 e5 2. Nc3 Nc6 3. g3 f5 4. Bg2 Nf6 5. d3 g6 6. Bd2 Bg7 7. e3 d6 8. a3 Be6 9. Nge2 Nd7 10. Nd5 0-0 11. Nec3 Rb8 12. 0-0 Ne7 13. Nxe7+ Qxe7 14. Nd5 Qd8 15. Rb1 c6 16. Nc3 Nc5 17. Qe2 Bd7 18. b4 Ne6 19. b5 Qe7 20. a4 f4 21. Ne4 d5 22. Bb4 Qf7 23. Bxf8 dxe4 24. exf4 Qxf8 25. Bxe4 exf4 26. bxc6 Nd4 27. Qd1 bxc6 28. Kg2 Rxb1 29. Qxb1 f3+ 30. Kg1 Ne2+ 31. Kh1 Bh3 32. Rg1 Bd4 33. Qe1 Qf6 34. a5 h5 35. a6 g5 36. Qb4 g4 37. Qb8+ Qf8 38. Qc7 Nxg1 39. Qh7# 1-0

[Event "Novokuznetsk-ch op"]
[Site "Novokuznetsk"]
[Date "2009.12.13"]
[Round "9"]
[White "Akishina, Tatyana"]
[Black "Alimov, Alexander"]
[Result "1/2-1/2"]
[WhiteElo "1946"]
[BlackElo "2024"]
[PlyCount "94"]
[EventDate "2009.11.21"]
[EventType "swiss"]
[EventRounds "9"]
[EventCountry "RUS"]
[SourceTitle "EXT 2011"]
[Source "ChessBase"]
[SourceDate "2010.11.26"]
[SourceVersion "1"]
[SourceVersionDate "2010.11.26"]
[SourceQuality "1"]

1. c4 c5 2. Nc3 Nc6 3. g3 g6 4. Bg2 Bg7 5. e3 e5 6. Nge2 Nge7 7. 0-0 0-0 8. b3 d6 9. Bb2 Bf5 10. d3 Qd7 11. Qd2 Bh3 12. f4 Bxg2 13. Kxg2 f5 14. Rad1 b6 15. Nb5 d5 16. d4 exd4 17. exd4 dxc4 18. bxc4 a6 19. Na3 Nxd4 20. Nxd4 cxd4 21. Bxd4 Rfd8 22. Nc2 Qc6+ 23. Kh3 Qxc4 24. Qf2 Bxd4 25. Nxd4 Nc6 26. Nxc6 Qxc6 27. Rfe1 Rxd1 28. Rxd1 Rc8 29. Qe2 b5 30. Qe7 Qe8 31. Qb7 Rb8 32. Qxa6 g5 33. Qh6 g4+ 34. Kh4 Qg6 35. Qg5 Ra8 36. Rd5 Qxg5+ 37. Kxg5 b4 38. Rb5 Rxa2 39. Rxb4 Rxh2 40. Kxf5 h5 41. Kg5 Rh3 42. Rb3 h4 43. Kxg4 Rxg3+ 44. Rxg3 hxg3 45. Kxg3 Kg7 46. Kg4 Kg6 47. f5+ Kf6 1/2-1/2

[Event "Novokuznetsk-ch op"]
[Site "Novokuznetsk"]
[Date "2009.11.28"]
[Round "4"]
[White "Akishina, Tatyana"]
[Black "Akchelov, Sergey"]
[Result "0-1"]
[WhiteElo "1946"]
[BlackElo "2097"]
[PlyCount "100"]
[EventDate "2009.11.21"]
[EventType "swiss"]
[EventRounds "9"]
[EventCountry "RUS"]
[SourceTitle "EXT 2011"]
[Source "ChessBase"]
[SourceDate "2010.11.26"]
[SourceVersion "1"]
[SourceVersionDate "2010.11.26"]
[SourceQuality "1"]

1. c4 e6 2. d4 Nf6 3. Nc3 Bb4 4. Bd2 0-0 5. e3 d5 6. Nf3 c5 7. Be2 cxd4 8. Nxd4 dxc4 9. Bxc4 Nbd7 10. 0-0 Nb6 11. Be2 Qe7 12. Rc1 e5 13. Nf3 Bd7 14. a3 Bd6 15. Bb5 Bg4 16. Be2 Rac8 17. Nb5 Rxc1 18. Qxc1 Rc8 19. Qb1 Bb8 20. Bb4 Qe6 21. Ng5 Qf5 22. Bxg4 Qxg4 23. Nf3 Qe6 24. Rd1 Nbd5 25. Ng5 Qc6 26. Nd6 Bxd6 27. Bxd6 Qxd6 28. e4 h6 29. Nf3 Qc5 30. exd5 e4 31. Nd4 Qxd5 32. Ne2 Qe5 33. Nc3 e3 34. h3 exf2+ 35. Kxf2 Qf4+ 36. Kg1 Qe3+ 37. Kh1 Nh5 38. Rd3 Qf4 39. Qe1 g5 40. Rf3 Qd6 41. Qf2 Nf4 42. Qe3 a6 43. Rf1 Qc6 44. Qg3 Qc4 45. Re1 Rd8 46. Re4 Qf1+ 47. Kh2 Rd2 48. Re8+ Kh7 49. Ne2 Rxe2 50. Rxe2 Qxe2 0-1

[Event "Novokuznetsk op"]
[Site "Novokuznetsk"]
[Date "2008.12.14"]
[Round "9"]
[White "Chernyh, Pavel"]
[Black "Akishina, Tatyana"]
[Result "0-1"]
[WhiteElo "1956"]
[BlackElo "1948"]
[PlyCount "110"]
[EventDate "2008.11.22"]
[EventType "swiss"]
[EventRounds "9"]
[EventCountry "RUS"]
[SourceTitle "CBM 127 Extra"]
[Source "ChessBase"]
[SourceDate "2009.01.08"]
[SourceVersion "2"]
[SourceVersionDate "2009.01.28"]
[SourceQuality "1"]

1. e4 Nc6 2. d4 d5 3. e5 Bf5 4. c3 e6 5. Bd3 Nge7 6. Na3 Qd7 7. Ne2 Bg6 8. Ng3 0-0-0 9. Nc2 f6 10. f4 Bxd3 11. Qxd3 Ng6 12. b4 Be7 13. a4 fxe5 14. fxe5 Rdf8 15. Ne2 Nh4 16. Qh3 Rf7 17. Rf1 Bd8 18. Nf4 Rhf8 19. g3 Nf5 20. Bd2 g5 21. Nd3 Nfxd4 22. Rxf7 Nxc2+ 23. Kd1 Qxf7 24. Kxc2 Qg6 25. Re1 Rf3 26. Re3 Rxe3 27. Bxe3 Nxe5 28. Qf1 Qxd3+ 29. Qxd3 Nxd3 30. Kxd3 Bf6 31. a5 a6 32. Bd2 Kd7 33. Be1 Kd6 34. Bf2 Kc6 35. h4 gxh4 36. gxh4 b6 37. axb6 cxb6 38. c4 dxc4+ 39. Kxc4 Be7 40. h5 Bg5 41. Be1 e5 42. Bg3 e4 43. Kd4 e3 44. Be1 Kb5 45. Kc3 a5 46. bxa5 Kxa5 47. Kb3+ Kb5 48. Kc3 Kc5 49. Kb3 Kd4 50. Kc2 Ke4 51. Kc3 Kf3 52. Kc4 e2 53. Kb5 Be3 54. Kc6 Kg2 55. Kd5 Kf1 0-1

[Event "Novokuznetsk op"]
[Site "Novokuznetsk"]
[Date "2008.11.26"]
[Round "3"]
[White "Usatov, Vladimir"]
[Black "Akishina, Tatyana"]
[Result "1/2-1/2"]
[WhiteElo "2145"]
[BlackElo "1948"]
[PlyCount "49"]
[EventDate "2008.11.22"]
[EventType "swiss"]
[EventRounds "9"]
[EventCountry "RUS"]
[SourceTitle "CBM 127 Extra"]
[Source "ChessBase"]
[SourceDate "2009.01.08"]
[SourceVersion "2"]
[SourceVersionDate "2009.01.28"]
[SourceQuality "1"]

1. e4 c5 2. Nf3 Nc6 3. Nc3 d6 4. d4 cxd4 5. Nxd4 e6 6. Be2 Be7 7. 0-0 Nf6 8. Kh1 0-0 9. f4 d5 10. e5 Nd7 11. Be3 a6 12. a4 Bc5 13. Nxc6 bxc6 14. Bxc5 Nxc5 15. a5 Nd7 16. Bd3 c5 17. Qh5 f5 18. g4 c4 19. Bxf5 exf5 20. gxf5 Nc5 21. f6 d4 22. Qg5 Rf7 23. Rad1 Bb7+ 24. Kg1 Ne6 25. Qg4 1/2-1/2

[Event "Novokuznetsk op"]
[Site "Novokuznetsk"]
[Date "2008.11.22"]
[Round "1"]
[White "Volodarsky, Yury Aleksandrovic"]
[Black "Akishina, Tatyana"]
[Result "1-0"]
[WhiteElo "2177"]
[BlackElo "1948"]
[PlyCount "77"]
[EventDate "2008.11.22"]
[EventType "swiss"]
[EventRounds "9"]
[EventCountry "RUS"]
[SourceTitle "CBM 127 Extra"]
[Source "ChessBase"]
[SourceDate "2009.01.08"]
[SourceVersion "2"]
[SourceVersionDate "2009.01.28"]
[SourceQuality "1"]

1. e4 c5 2. Nf3 Nc6 3. d4 cxd4 4. Nxd4 Nf6 5. Nc3 e5 6. Ndb5 d6 7. Bg5 a6 8. Na3 b5 9. Nd5 Be7 10. Bxf6 Bxf6 11. c4 bxc4 12. Nxc4 Bg5 13. Ndb6 Rb8 14. Nxd6+ Kf8 15. Ndxc8 Rxc8 16. Nxc8 Qa5+ 17. Ke2 Nd4+ 18. Kd3 Qb5+ 19. Kc3 Qc5+ 20. Bc4 Qxc8 21. Qa4 g6 22. Qxa6 Qg4 23. Qb7 Qf4 24. Rad1 Kg7 25. a4 Re8 26. Rhf1 Re7 27. Qd5 Rc7 28. a5 Be7 29. b4 Bf6 30. a6 Qg4 31. f4 Qxg2 32. fxe5 Ne2+ 33. Kb3 Qh3+ 34. Qd3 Nd4+ 35. Ka4 Qxd3 36. Rxd3 Bxe5 37. Rxf7+ Rxf7 38. Bxf7 Nc6 39. Rd7 1-0

[Event "Sibiria Region-ch (Women)"]
[Site "Novokuznetsk"]
[Date "2008.03.17"]
[Round "5"]
[White "Akishina, Tatyana"]
[Black "Golovina, Darya"]
[Result "1-0"]
[WhiteElo "1946"]
[BlackElo "1809"]
[PlyCount "109"]
[EventDate "2008.03.13"]
[EventType "swiss"]
[EventRounds "9"]
[EventCountry "RUS"]
[SourceTitle "CBM 123 Extra"]
[Source "ChessBase"]
[SourceDate "2008.05.06"]
[SourceVersion "1"]
[SourceVersionDate "2008.05.06"]
[SourceQuality "1"]

1. c4 e5 2. Nc3 Nc6 3. g3 g6 4. Bg2 Bg7 5. d3 d6 6. Rb1 Nge7 7. b4 h5 8. h4 Nf5 9. Nf3 Nfd4 10. b5 Nxf3+ 11. Bxf3 Nd4 12. Bg2 0-0 13. e3 Nf5 14. Bb2 Rb8 15. 0-0 Bf6 16. Ne4 Be7 17. d4 exd4 18. exd4 c6 19. bxc6 bxc6 20. d5 cxd5 21. cxd5 Ba6 22. Re1 Bc4 23. Ba1 Rxb1 24. Qxb1 Bxd5 25. Qb2 f6 26. Rd1 Bf7 27. Nc3 Qa5 28. Nd5 Bxd5 29. Bxd5+ Kg7 30. Qe2 Qc7 31. Rb1 Qc5 32. Qe4 Re8 33. Kg2 Kh6 34. Rd1 Qc8 35. Bb2 Bf8 36. Qf4+ Kh7 37. Bxf6 Bh6 38. Qa4 a6 39. Rb1 Re2 40. Rb7+ Ng7 41. Qd4 Qf5 42. Bf3 Rd2 43. Qa1 Rd3 44. Bc6 Rd2 45. Bd4 Qc8 46. Qc3 Qf5 47. Rxg7+ Bxg7 48. Qxd2 Qc8 49. Be4 Qc4 50. Bxg6+ Kxg6 51. Qg5+ Kf7 52. Qxg7+ Ke6 53. Qf6+ Kd7 54. Be3 Qxa2 55. Qf5+ 1-0

[Event "RUS-ch U26"]
[Site "Novokuznetsk"]
[Date "2007.10.27"]
[Round "6"]
[White "Lukyanov, Artiom"]
[Black "Akishina, Tatyana"]
[Result "1-0"]
[WhiteElo "2060"]
[BlackElo "1963"]
[PlyCount "47"]
[EventDate "2007.10.22"]
[EventType "swiss"]
[EventRounds "9"]
[EventCountry "RUS"]
[SourceTitle "EXT 2009"]
[Source "ChessBase"]
[SourceDate "2008.11.26"]
[SourceVersion "1"]
[SourceVersionDate "2008.11.26"]
[SourceQuality "1"]

1. e4 e5 2. Nf3 Nc6 3. Bc4 Nf6 4. 0-0 Be7 5. d4 exd4 6. e5 Ne4 7. Bd5 Nc5 8. Nxd4 0-0 9. f4 Nxd4 10. Qxd4 d6 11. exd6 Bxd6 12. Nc3 Be6 13. Bxe6 Nxe6 14. Qe4 Nc5 15. Qf3 Re8 16. Be3 Nd7 17. Kh1 Nf6 18. Rad1 Qe7 19. Bd4 Rad8 20. Qg3 c6 21. h3 Kh8 22. Qg5 Bc5 23. Bxc5 Qxc5 24. Qxc5 1-0

[Event "RUS-ch U26"]
[Site "Novokuznetsk"]
[Date "2007.10.25"]
[Round "4"]
[White "Epifantsev, Igor"]
[Black "Akishina, Tatyana"]
[Result "1-0"]
[WhiteElo "2185"]
[BlackElo "1963"]
[PlyCount "80"]
[EventDate "2007.10.22"]
[EventType "swiss"]
[EventRounds "9"]
[EventCountry "RUS"]
[SourceTitle "EXT 2009"]
[Source "ChessBase"]
[SourceDate "2008.11.26"]
[SourceVersion "1"]
[SourceVersionDate "2008.11.26"]
[SourceQuality "1"]

1. e4 e5 2. Nf3 Nc6 3. Bb5 d6 4. d4 Bd7 5. 0-0 Nf6 6. Nc3 Be7 7. Re1 exd4 8. Nxd4 0-0 9. Bxc6 bxc6 10. Qf3 c5 11. Nf5 Bxf5 12. exf5 Qd7 13. Bg5 Rfe8 14. Re2 c6 15. Rc1 h6 16. Bh4 d5 17. h3 c4 18. g4 d4 19. Bxf6 Bxf6 20. Ne4 Rad8 21. Kf1 Qc8 22. Nd6 Rxe2 23. Nxc8 Re1+ 24. Kxe1 Rxc8 25. Qg3 Re8+ 26. Kd1 Be5 27. Qf3 Rd8 28. Qe2 Bf6 29. Qxc4 Rc8 30. Qc5 Rc7 31. Qd6 Rb7 32. b3 Rb6 33. Qg3 Rb5 34. h4 Be7 35. a4 Rc5 36. Qb8+ Kh7 37. Qe8 Re5 38. Qxf7 Bb4 39. c3 dxc3 40. f6 Rd5+ 1-0

[Event "Soukhumi op"]
[Site "Soukhumi"]
[Date "2007.08.06"]
[Round "4"]
[White "Akishina, Tatyana"]
[Black "Malinin, Vasily Borisovich"]
[Result "0-1"]
[WhiteElo "1963"]
[BlackElo "2375"]
[PlyCount "48"]
[EventDate "2007.08.03"]
[EventType "swiss"]
[EventRounds "9"]
[EventCountry "RUS"]
[SourceTitle "EXT 2009"]
[Source "ChessBase"]
[SourceDate "2008.11.26"]
[SourceVersion "1"]
[SourceVersionDate "2008.11.26"]
[SourceQuality "1"]

1. c4 e5 2. Nc3 Nc6 3. g3 f5 4. Bg2 Nf6 5. d3 Bc5 6. e3 a6 7. a3 Ba7 8. Nge2 0-0 9. 0-0 Ne7 10. d4 d6 11. b4 c6 12. Bb2 e4 13. Qc2 Qe8 14. a4 g5 15. b5 Qh5 16. Ba3 Bb8 17. Rad1 Ng6 18. d5 Ne5 19. Kh1 Nf3 20. h3 f4 21. Ng1 Nxg1 22. Kxg1 f3 23. g4 Bxg4 24. Nxe4 fxg2 0-1

[Event "Novokuznetsk (Women) 10th"]
[Site "Novokuznetsk"]
[Date "2007.03.01"]
[Round "4"]
[White "Akishina, Tatyana"]
[Black "Yanjindulan, Dolgorsuren"]
[Result "0-1"]
[WhiteElo "2002"]
[BlackElo "2228"]
[PlyCount "44"]
[EventDate "2007.02.27"]
[EventType "tourn"]
[EventRounds "11"]
[EventCountry "RUS"]
[SourceTitle "EXT 2008"]
[Source "ChessBase"]
[SourceDate "2007.11.25"]
[SourceVersion "1"]
[SourceVersionDate "2007.11.25"]
[SourceQuality "1"]

1. c4 e5 2. Nc3 Nf6 3. g3 d6 4. Bg2 Be7 5. d3 c6 6. Bd2 0-0 7. e3 Bf5 8. Bc1 Nbd7 9. b4 d5 10. c5 a5 11. bxa5 Bxc5 12. Nge2 d4 13. exd4 exd4 14. Nb1 Bb4+ 15. Bd2 Bxd2+ 16. Qxd2 Ne5 17. Nc1 Bh3 18. 0-0 Bxg2 19. Kxg2 Qd5+ 20. f3 Nfg4 21. Kh3 Nxf3 22. Qf4 Qh5+ 0-1

[Event "Novokuznetsk (Women) 10th"]
[Site "Novokuznetsk"]
[Date "2007.03.01"]
[Round "1"]
[White "Trofimova, Antonina"]
[Black "Akishina, Tatyana"]
[Result "1-0"]
[WhiteElo "2200"]
[BlackElo "2002"]
[PlyCount "103"]
[EventDate "2007.02.27"]
[EventType "tourn"]
[EventRounds "11"]
[EventCountry "RUS"]
[SourceTitle "EXT 2008"]
[Source "ChessBase"]
[SourceDate "2007.11.25"]
[SourceVersion "1"]
[SourceVersionDate "2007.11.25"]
[SourceQuality "1"]

1. e4 Nc6 2. Nf3 d5 3. exd5 Qxd5 4. Nc3 Qa5 5. d4 Bg4 6. d5 0-0-0 7. h3 Bxf3 8. Qxf3 Nb4 9. Bd3 Nxd3+ 10. Qxd3 e6 11. 0-0 Bb4 12. Qf3 exd5 13. Qxf7 Rd7 14. Qe8+ Rd8 15. Qe6+ Kb8 16. Bg5 Rf8 17. Nxd5 Bd6 18. c4 h6 19. Be3 Nf6 20. Rfd1 Qa6 21. Qf5 Qxc4 22. Nxf6 Rxf6 23. Qa5 a6 24. Rac1 Qf7 25. Rd3 Rf5 26. Qa4 Rb5 27. Rxd6 cxd6 28. Qd4 b6 29. Qxd6+ Kb7 30. Rc6 Rd8 31. Rxb6+ Rxb6 32. Qxb6+ Kc8 33. Qxa6+ Kd7 34. Qb7+ Ke8 35. Qxf7+ Kxf7 36. Kf1 Rc8 37. Bd4 g6 38. Bc3 Ke6 39. Ke2 Kd5 40. Kd3 Rf8 41. f3 Re8 42. a4 Kc6 43. b4 Rd8+ 44. Bd4 Ra8 45. a5 Kb5 46. Bc5 Re8 47. h4 Re5 48. g3 Rf5 49. Ke4 Rf7 50. g4 Rf6 51. f4 Kc6 52. f5 1-0